| 000 | 00654nam a2200193Ia 4500 | ||
|---|---|---|---|
| 003 | GCL | ||
| 008 | 140319s9999 xx 000 0 ara d | ||
| 040 |
_aGCL / _cGCL |
||
| 082 | 0 | 4 |
_a612.65 _bع م |
| 100 | 1 | _aعكاشة عبدالمنان الطيبى | |
| 245 | 1 | 0 |
_aمراحل نمو الطفل المثالى / _cعكاشة عبدالمنان الطيبى |
| 260 |
_aبيروت : _bدار الجيل ، _c1999 |
||
| 300 |
_a168 ص ؛ _c24 سم |
||
| 650 | 0 | 4 | _aالاطفال - نمو |
| 650 | 0 | 4 | _aالاطفال - العناية الصحية |
| 650 | 0 | 4 | _aالاطفال - رعاية |
| 650 | 0 | 4 | _aالاطفال - امراض |
| 942 |
_2ddc _cBK |
||
| 999 |
_c5393 _d5393 |
||